000 00654nam a2200229Ia 4500
003 OSt
005 20220918192832.0
006 a|||||r|||| 00| 0
007 ta
008 220917b |||||||| |||| 00| 0 eng d
024 _a70,631
037 _cTextual
040 _aARTS
_cARTS
_beng
041 _2eng
_aeng
082 _aR39(S:45), M6
100 _aHanson Karen
_980398
245 0 _aSelf imagined
_b philosophical reflections on the social character of psyche
260 _aNew York
_bRoutledge and Kegan Paul
_c1986
300 _avii,152p.
_ccm.
942 _hR39(S:45), M6
_cTEXL
_2CC
999 _c196727
_d196727